[Event "ITA-ch Seniors 50 44th"]
[Site "Macerata"]
[Date "2022.09.25"]
[Round "1"]
[White "Petruccioli, Antonio"]
[Black "Navarra, Stefano"]
[Result "1-0"]
[WhiteElo "1971"]
[BlackElo "1401"]
[PlyCount "75"]
[EventDate "2022.09.25"]
[EventType "swiss"]
[EventRounds "9"]
[EventCountry "ITA"]
[SourceTitle "EXT 2024"]
[Source "ChessBase"]
[SourceDate "2023.10.10"]
[SourceVersion "1"]
[SourceVersionDate "2023.10.10"]
[SourceQuality "1"]

1. Nf3 Nf6 2. b4 d6 3. d4 Bf5 4. h3 g6 5. g4 Be4 6. Nbd2 Bg7 7. Nxe4 Nxe4 8. Qd3 d5 9. Bg2 0-0 10. 0-0 a6 11. c4 e6 12. cxd5 exd5 13. Bf4 Nd7 14. Rfc1 c6 15. a4 h6 16. e3 g5 17. Bh2 Qe7 18. b5 c5 19. Nd2 c4 20. Nxc4 axb5 21. axb5 f5 22. Rxa8 Rxa8 23. gxf5 Ndf6 24. Nb6 Ra3 25. Nxd5 Rxd3 26. Nxe7+ Kf7 27. Ng6 Nc3 28. Ne5+ Ke7 29. Nxd3 Ne2+ 30. Kf1 Nxc1 31. Nxc1 b6 32. e4 Nd7 33. e5 Bf8 34. f6+ Kd8 35. Nd3 Ba3 36. Bd5 Nf8 37. e6 Ng6 38. Ne5 1-0

[Event "World Amateur-ch U2000"]
[Site "Cagliari"]
[Date "2018.04.28"]
[Round "8"]
[White "Croes, Octavio"]
[Black "Petruccioli, Antonio"]
[Result "1-0"]
[WhiteElo "1814"]
[BlackElo "1974"]
[PlyCount "143"]
[EventDate "2018.04.22"]
[EventType "swiss"]
[EventRounds "9"]
[EventCountry "ITA"]
[SourceTitle "CBM 184 Extra"]
[Source "ChessBase"]
[SourceDate "2018.06.28"]
[SourceVersion "1"]
[SourceVersionDate "2018.06.28"]
[SourceQuality "1"]

1. d4 Nf6 2. c4 e6 3. Nf3 b6 4. Nc3 c6 5. a3 a5 6. e4 d5 7. cxd5 exd5 8. Bd3 dxe4 9. Nxe4 Nd5 10. Ne5 Bd6 11. Nxd6+ Qxd6 12. 0-0 0-0 13. Qh5 f5 14. Qf3 Be6 15. Bg5 h6 16. Bxh6 Ra7 17. Qg3 Nf6 18. Be3 Nd5 19. Rac1 f4 20. Qg6 Nf6 21. Bxf4 Qxd4 22. Bg3 Bd5 23. Nc4 Bf7 24. Qf5 Nbd7 25. Rfd1 g6 26. Qg5 Nh7 27. Qh6 Qg7 28. Qxg7+ Kxg7 29. Ne5 Bb3 30. Re1 c5 31. Nxg6 Rd8 32. Ne7 Rf8 33. Bc4 Bxc4 34. Rxc4 Nhf6 35. Nf5+ Kg6 36. Nd6 Raa8 37. h3 Rad8 38. Re6 Kg7 39. Re7+ Kg6 40. Nb7 Rde8 41. Rxe8 Rxe8 42. Kf1 Ne4 43. Bf4 Re6 44. Rc2 Kf5 45. Bh2 Ndf6 46. Re2 Rc6 47. f3 Ng5 48. Re5+ Kg6 49. h4 Nf7 50. Re7 Nd5 51. Rxf7 c4 52. Rd7 c3 53. bxc3 Nf6 54. Rd6 Rxc3 55. Be5 Rxa3 56. Rxf6+ Kh7 57. Rxb6 a4 58. Ra6 Rb3 59. Ra7 Kg6 60. Kf2 a3 61. Nc5 Rb5 62. g4 Kh6 63. Bf4+ Kg6 64. h5+ Kf6 65. Ne4+ Ke6 66. Rxa3 Rb2+ 67. Kg3 Kf7 68. g5 Ke6 69. Ra8 Kf5 70. Rf8+ Ke6 71. h6 Ke7 72. h7 1-0

[Event "World Amateur-ch U2000"]
[Site "Cagliari"]
[Date "2018.04.24"]
[Round "4"]
[White "Cap, Piotr"]
[Black "Petruccioli, Antonio"]
[Result "1-0"]
[WhiteElo "1896"]
[BlackElo "1974"]
[PlyCount "99"]
[EventDate "2018.04.22"]
[EventType "swiss"]
[EventRounds "9"]
[EventCountry "ITA"]
[SourceTitle "CBM 184 Extra"]
[Source "ChessBase"]
[SourceDate "2018.06.28"]
[SourceVersion "1"]
[SourceVersionDate "2018.06.28"]
[SourceQuality "1"]

1. d4 Nf6 2. Nf3 c5 3. c4 cxd4 4. Nxd4 e5 5. Nb5 d6 6. g3 a6 7. N5c3 Qc7 8. Na3 Be6 9. Bg2 Nbd7 10. 0-0 Be7 11. Nd5 Bxd5 12. cxd5 0-0 13. Be3 Ng4 14. Bd2 f5 15. e4 g6 16. Rc1 Qd8 17. Nc4 Rc8 18. Bb4 Ndf6 19. Ba5 Qe8 20. h3 Nh6 21. Qd2 Kg7 22. Bb4 Nf7 23. exf5 gxf5 24. Ne3 Qd7 25. Qd3 e4 26. Qe2 Rxc1 27. Rxc1 Rc8 28. Rxc8 Qxc8 29. Bc3 Kg6 30. g4 fxg4 31. Nxg4 Ng5 32. Nxf6 Bxf6 33. Bxe4+ Kg7 34. Bxf6+ Kxf6 35. h4 Qc1+ 36. Kg2 Nxe4 37. Qxe4 Qxb2 38. Qe6+ Kg7 39. Qxd6 Qxa2 40. Qe7+ Kg6 41. Qe4+ Kf7 42. Qxh7+ Ke8 43. Qxb7 Qe2 44. Qc8+ Kf7 45. Qf5+ Ke7 46. h5 a5 47. h6 Qb2 48. Qe6+ Kf8 49. d6 Qb7+ 50. Kh2 1-0

[Event "Campobasso op 21st"]
[Site "Campobasso"]
[Date "2014.07.18"]
[Round "2"]
[White "Petruccioli, Antonio"]
[Black "Colucci, Stefano"]
[Result "1-0"]
[WhiteElo "2011"]
[BlackElo "1898"]
[PlyCount "59"]
[EventDate "2014.07.18"]
[EventType "swiss"]
[EventRounds "6"]
[EventCountry "ITA"]
[SourceTitle "EXT 2016"]
[Source "ChessBase"]
[SourceDate "2015.10.08"]
[SourceVersion "1"]
[SourceVersionDate "2015.10.08"]
[SourceQuality "1"]

1. e4 e6 2. Qe2 e5 3. f4 Nc6 4. fxe5 Nd4 5. Qd3 Bc5 6. c3 Nc6 7. Nf3 d6 8. b4 Bb6 9. exd6 Nf6 10. b5 cxd6 11. bxc6 Ng4 12. Nd4 Qf6 13. Qf3 Bxd4 14. cxd4 Qxd4 15. cxb7 Bxb7 16. Bb5+ Kf8 17. Nc3 h5 18. h3 Nf6 19. Qd3 Qe5 20. Ba3 Nxe4 21. 0-0 Nc5 22. Qe3 Ne4 23. Rae1 Kg8 24. d4 Qg5 25. Qxg5 Nxg5 26. Re7 Rc8 27. Rc1 Ba8 28. Rxa7 Rh6 29. Ne2 Rg6 30. Rxc8+ 1-0

[Event "Campobasso op 20th"]
[Site "Campobasso"]
[Date "2013.08.04"]
[Round "5"]
[White "Franciosi, Fausto"]
[Black "Petruccioli, Antonio"]
[Result "1-0"]
[WhiteElo "2084"]
[BlackElo "2087"]
[PlyCount "79"]
[EventDate "2013.08.02"]
[EventType "swiss"]
[EventRounds "6"]
[EventCountry "ITA"]
[SourceTitle "EXT 2015"]
[Source "ChessBase"]
[SourceDate "2014.11.20"]
[SourceVersion "1"]
[SourceVersionDate "2014.11.20"]
[SourceQuality "1"]

1. d4 Nf6 2. Nf3 e6 3. c4 c5 4. d5 d6 5. Nc3 exd5 6. cxd5 Be7 7. h3 0-0 8. e4 Re8 9. Bd3 a6 10. a4 Nbd7 11. 0-0 Nf8 12. Nd2 Bd7 13. a5 Ng6 14. Re1 b5 15. axb6 Qxb6 16. Nc4 Qc7 17. e5 Nxe5 18. Rxe5 dxe5 19. d6 Bxd6 20. Nxd6 Red8 21. Nde4 Nxe4 22. Bxe4 Be6 23. Qe2 Rab8 24. Rxa6 Bc8 25. Rc6 Qd7 26. Rxc5 Qe7 27. Rd5 Be6 28. Rxe5 Qb4 29. Bd5 Bxd5 30. Nxd5 Qb3 31. Ne7+ Kf8 32. Kh2 Qb6 33. Qh5 f6 34. Nd5 Qd6 35. Nxf6 g6 36. Qh6+ Kf7 37. Ng4 Kg8 38. Bf4 Rf8 39. Re8 Qc6 40. Qxf8# 1-0

[Event "Campobasso op 20th"]
[Site "Campobasso"]
[Date "2013.08.03"]
[Round "3"]
[White "Baltzopoulos, Giorgos"]
[Black "Petruccioli, Antonio"]
[Result "0-1"]
[WhiteElo "1950"]
[BlackElo "2087"]
[PlyCount "106"]
[EventDate "2013.08.02"]
[EventType "swiss"]
[EventRounds "6"]
[EventCountry "ITA"]
[SourceTitle "EXT 2015"]
[Source "ChessBase"]
[SourceDate "2014.11.20"]
[SourceVersion "1"]
[SourceVersionDate "2014.11.20"]
[SourceQuality "1"]

1. d4 Nf6 2. c4 g6 3. Nc3 Bg7 4. e4 d6 5. Be2 0-0 6. Nf3 c6 7. 0-0 Qc7 8. Rb1 a5 9. Be3 Ng4 10. Bd2 e5 11. d5 f5 12. Ne1 Nf6 13. f3 Nbd7 14. a3 fxe4 15. fxe4 Nc5 16. Bf3 b5 17. b4 axb4 18. axb4 Na4 19. Nxa4 Rxa4 20. Be3 Bd7 21. c5 cxd5 22. cxd6 Qb7 23. Nd3 dxe4 24. Nc5 Qc6 25. Qb3+ Kh8 26. Be2 Raa8 27. Rfd1 Bg4 28. Bxg4 Nxg4 29. d7 Rad8 30. Ne6 Nxe3 31. Nxd8 Rxd8 32. Qxe3 Rxd7 33. Rxd7 Qxd7 34. Qxe4 Qa7+ 35. Kh1 Bf6 36. Rf1 Kg7 37. Qc6 Qe7 38. Qxb5 e4 39. Rd1 Kh6 40. Rd7 Qe6 41. Qd5 Qa6 42. b5 Qa4 43. Qd2+ Bg5 44. Qe2 e3 45. Rd1 Qb4 46. Kg1 Qb3 47. g3 Be7 48. Qd3 Qe6 49. Re1 Bc5 50. Re2 Qe5 51. Qb1 Bb6 52. Qb2 Qxb2 53. Rxb2 e2+ 0-1

[Event "Campobasso op 20th"]
[Site "Campobasso"]
[Date "2013.08.02"]
[Round "2"]
[White "Petruccioli, Antonio"]
[Black "Aleksic, Nenad"]
[Result "0-1"]
[WhiteElo "2087"]
[BlackElo "2357"]
[PlyCount "84"]
[EventDate "2013.08.02"]
[EventType "swiss"]
[EventRounds "6"]
[EventCountry "ITA"]
[SourceTitle "EXT 2015"]
[Source "ChessBase"]
[SourceDate "2014.11.20"]
[SourceVersion "1"]
[SourceVersionDate "2014.11.20"]
[SourceQuality "1"]

1. e4 c5 2. Nc3 a6 3. f4 e6 4. Nf3 b5 5. d3 Bb7 6. g4 b4 7. Ne2 d6 8. Ng3 Nf6 9. g5 Nfd7 10. h4 Nc6 11. Bh3 Nd4 12. 0-0 h6 13. Kg2 Nxf3 14. Qxf3 hxg5 15. fxg5 Ne5 16. Qf4 g6 17. h5 gxh5 18. g6 fxg6 19. Bxe6 Qe7 20. Bh3 Bg7 21. Qg5 Qxg5 22. Bxg5 Bc8 23. Bf6 Bxh3+ 24. Kxh3 Bxf6 25. Rxf6 Ke7 26. Raf1 Raf8 27. Rxf8 Rxf8 28. Rxf8 Kxf8 29. Ne2 Kg7 30. Nf4 Kh6 31. Ne6 g5 32. Nc7 a5 33. Ne8 g4+ 34. Kg3 Kg5 35. Nxd6 h4+ 36. Kg2 Kf4 37. Nf5 Nf3 38. Kf2 g3+ 39. Kg2 Ne1+ 40. Kf1 h3 41. Nxg3 Kxg3 42. Kg1 Nxc2 0-1

[Event "Campobasso op 18th"]
[Site "Campobasso "]
[Date "2011.07.23"]
[Round "3"]
[White "Lattanzio, Savino"]
[Black "Petruccioli, Antonio"]
[Result "1-0"]
[WhiteElo "2061"]
[BlackElo "2104"]
[PlyCount "77"]
[EventDate "2011.08.06"]
[EventType "swiss"]
[EventRounds "6"]
[EventCountry "ITA"]
[SourceTitle "EXT 2014"]
[Source "ChessBase"]
[SourceDate "2013.11.20"]
[SourceVersion "1"]
[SourceVersionDate "2013.11.20"]
[SourceQuality "1"]

1. e4 c5 2. c3 e6 3. d4 d5 4. e5 Nc6 5. Nf3 f6 6. exf6 Nxf6 7. Bd3 cxd4 8. cxd4 Bd6 9. 0-0 0-0 10. Nc3 Bd7 11. Bg5 Qe8 12. Ne2 Ne4 13. Ng3 Nxg5 14. Nxg5 h6 15. Nf3 Rf4 16. Re1 Qf7 17. Bb5 Rf8 18. a3 g5 19. Bxc6 Bxc6 20. Nh1 Qf6 21. b4 a5 22. Ne5 Be8 23. Rb1 axb4 24. axb4 Bxe5 25. Rxe5 Bd7 26. Rb2 Ra8 27. Ng3 Qg6 28. h3 Ra3 29. Ne2 Rd3 30. Qc2 Rf6 31. Rb3 Rxb3 32. Qxb3 Rf8 33. Qg3 Qb1+ 34. Kh2 Qxb4 35. f4 Rf5 36. fxg5 h5 37. Rxf5 exf5 38. Qe5 Qe1 39. g6 1-0

[Event "Campobasso op 18th"]
[Site "Campobasso "]
[Date "2011.07.22"]
[Round "1"]
[White "Chicco, Giancarlo"]
[Black "Petruccioli, Antonio"]
[Result "0-1"]
[WhiteElo "1457"]
[BlackElo "2104"]
[PlyCount "112"]
[EventDate "2011.08.06"]
[EventType "swiss"]
[EventRounds "6"]
[EventCountry "ITA"]
[SourceTitle "EXT 2014"]
[Source "ChessBase"]
[SourceDate "2013.11.20"]
[SourceVersion "1"]
[SourceVersionDate "2013.11.20"]
[SourceQuality "1"]

1. b3 e5 2. Bb2 Nc6 3. g3 d5 4. Bg2 Nf6 5. e3 Bg4 6. Ne2 Be7 7. d3 0-0 8. Nd2 Qd7 9. 0-0 Bh3 10. a3 Rad8 11. b4 a6 12. f3 Bxg2 13. Kxg2 Ne8 14. e4 f5 15. h3 Nf6 16. Nc3 f4 17. g4 Nd4 18. Nxd5 Nxd5 19. exd5 Qxd5 20. Bxd4 Qxd4 21. Ne4 Bh4 22. Qe2 Rfe8 23. Rfb1 b6 24. Ra2 Re6 25. a4 Be7 26. b5 a5 27. Qf2 Qd5 28. Rb3 Rh6 29. Ra1 Bh4 30. Qg1 Rg6 31. Ra2 Kf7 32. Rab2 h5 33. Kf1 hxg4 34. hxg4 Rh8 35. c4 Qd8 36. Rh2 Be7 37. Rxh8 Qxh8 38. Rb1 Rh6 39. Ke2 Rh2+ 40. Nf2 Bc5 41. Rf1 g5 42. Ke1 Bxf2+ 43. Qxf2 Rxf2 44. Rxf2 Qf8 45. Ra2 Qb4+ 46. Ke2 Qb3 47. Rd2 Qxa4 48. d4 Qxc4+ 49. Ke1 exd4 50. Re2 d3 51. Re4 Qc3+ 52. Kf2 d2 53. Ke2 Qc2 54. Kf1 d1Q+ 55. Re1 Qxf3+ 56. Kg1 Qcg2# 0-1

[Event "Campobasso op 18th"]
[Site "Campobasso "]
[Date "2011.07.22"]
[Round "2"]
[White "Petruccioli, Antonio"]
[Black "Dragojlovic, Andjelko"]
[Result "0-1"]
[WhiteElo "2104"]
[BlackElo "2380"]
[PlyCount "76"]
[EventDate "2011.08.06"]
[EventType "swiss"]
[EventRounds "6"]
[EventCountry "ITA"]
[SourceTitle "EXT 2014"]
[Source "ChessBase"]
[SourceDate "2013.11.20"]
[SourceVersion "1"]
[SourceVersionDate "2013.11.20"]
[SourceQuality "1"]

1. e4 c5 2. Nf3 g6 3. Nc3 Bg7 4. Bc4 Nc6 5. 0-0 e6 6. d3 Nge7 7. Bg5 d6 8. Qd2 h6 9. Bh4 a6 10. a3 g5 11. Bg3 Ng6 12. Ba2 e5 13. h3 Nf4 14. Nd5 Be6 15. c3 0-0 16. b4 Bxd5 17. exd5 Ne7 18. Bxf4 exf4 19. d4 cxd4 20. Nxd4 Rc8 21. Rac1 Ng6 22. Bb1 Qf6 23. Rfd1 Rfe8 24. c4 Re5 25. Qd3 h5 26. Nf3 Re7 27. c5 g4 28. cxd6 Rxc1 29. Rxc1 Qxd6 30. Rc8+ Bf8 31. Nd2 Re1+ 32. Kh2 g3+ 33. fxg3 fxg3+ 34. Qxg3 Rh1+ 35. Kxh1 Qxg3 36. Nf3 Kg7 37. Be4 Bd6 38. Rc1 Nh4 0-1

[Event "Campobasso op-A 17th"]
[Site "Campobasso"]
[Date "2010.07.24"]
[Round "4"]
[White "Petruccioli, Antonio"]
[Black "Scagliarini, Bruno"]
[Result "1-0"]
[WhiteElo "2113"]
[BlackElo "1904"]
[PlyCount "65"]
[EventDate "2010.07.22"]
[EventType "swiss"]
[EventRounds "6"]
[EventCountry "ITA"]
[SourceTitle "EXT 2013"]
[Source "ChessBase"]
[SourceDate "2012.11.22"]
[SourceVersion "1"]
[SourceVersionDate "2012.11.22"]
[SourceQuality "1"]

1. e4 e6 2. b3 d5 3. Nc3 Nf6 4. f3 c5 5. Bb2 Nc6 6. exd5 exd5 7. Bb5 Be7 8. Nge2 0-0 9. Bxc6 bxc6 10. 0-0 Ba6 11. d3 Qc7 12. Qe1 Bd6 13. Qh4 Rfe8 14. Ng3 Bxg3 15. hxg3 Re6 16. g4 Qf4 17. Qf2 Nd7 18. g3 Qe3 19. Rfe1 Qxf2+ 20. Kxf2 Rae8 21. Rxe6 Rxe6 22. f4 f6 23. Na4 c4 24. dxc4 dxc4 25. Rd1 c3 26. Nxc3 Nb6 27. Rd2 Kf7 28. f5 Re8 29. Rd6 Bb7 30. Ba3 Re7 31. Bc5 Nd5 32. Nxd5 cxd5 33. Bxa7 1-0

[Event "Molise Region-ch"]
[Site "Campobasso"]
[Date "2008.01.20"]
[Round "2"]
[White "Petruccioli, Antonio"]
[Black "Bottega, Antonio"]
[Result "0-1"]
[WhiteElo "2104"]
[BlackElo "1953"]
[PlyCount "50"]
[EventDate "2008.01.19"]
[EventType "swiss"]
[EventRounds "3"]
[EventCountry "ITA"]
[SourceTitle "EXT 2011"]
[Source "ChessBase"]
[SourceDate "2010.11.26"]
[SourceVersion "1"]
[SourceVersionDate "2010.11.26"]
[SourceQuality "1"]

1. e4 e6 2. d4 d5 3. e5 c5 4. c3 Nc6 5. Nf3 Qb6 6. a3 Bd7 7. b4 cxd4 8. cxd4 Rc8 9. Be2 Nxd4 10. Nxd4 Rxc1 11. Qxc1 Qxd4 12. Qc3 Qb6 13. 0-0 f6 14. Nd2 Be7 15. Rac1 fxe5 16. Qxe5 Nf6 17. Qb8+ Bd8 18. Nb3 0-0 19. Na5 Ne4 20. Bf3 Nxf2 21. Rxf2 Bh4 22. Qxf8+ Kxf8 23. g3 Bg5 24. Nxb7 Bxc1 25. Bh5+ Ke7 0-1

[Event "Molise Region-ch"]
[Site "Campobasso"]
[Date "2008.01.19"]
[Round "1"]
[White "Miozzi, Carmenzo"]
[Black "Petruccioli, Antonio"]
[Result "0-1"]
[WhiteElo "1512"]
[BlackElo "2104"]
[PlyCount "51"]
[EventDate "2008.01.19"]
[EventType "swiss"]
[EventRounds "3"]
[EventCountry "ITA"]
[SourceTitle "EXT 2011"]
[Source "ChessBase"]
[SourceDate "2010.11.26"]
[SourceVersion "1"]
[SourceVersionDate "2010.11.26"]
[SourceQuality "1"]

1. d4 d5 2. Bf4 Nf6 3. e3 c6 4. Bd3 Bg4 5. f3 Bh5 6. c3 e6 7. Nd2 Bg6 8. e4 Nbd7 9. Ne2 dxe4 10. Nxe4 Nxe4 11. fxe4 Nf6 12. Ng3 Qb6 13. Rb1 Be7 14. 0-0 0-0 15. e5 Nd5 16. Ne4 c5 17. Bg5 cxd4 18. c4 Bxg5 19. Nxg5 Ne3 20. Qe2 Nxf1 21. Rxf1 f6 22. Nxh7 Bxh7 23. Bxh7+ Kxh7 24. Qh5+ Kg8 25. Rf4 d3+ 26. Kh1 0-1

[Event "Campobasso op 14th"]
[Site "Campobasso"]
[Date "2007.07.22"]
[Round "6"]
[White "Petruccioli, Antonio"]
[Black "Vuelban, Virgilio"]
[Result "0-1"]
[WhiteElo "2100"]
[BlackElo "2332"]
[PlyCount "88"]
[EventDate "2007.07.20"]
[EventType "swiss"]
[EventRounds "6"]
[EventCountry "ITA"]
[SourceTitle "EXT 2009"]
[Source "ChessBase"]
[SourceDate "2008.11.26"]
[SourceVersion "1"]
[SourceVersionDate "2008.11.26"]
[SourceQuality "1"]

1. e4 c5 2. Nf3 Nc6 3. Bb5 e6 4. 0-0 Nge7 5. c3 a6 6. Ba4 b5 7. Bc2 d5 8. d4 cxd4 9. Nxd4 Bb7 10. exd5 Qxd5 11. Bb3 Qd7 12. Nf3 Qxd1 13. Rxd1 Na5 14. Bc2 Nd5 15. Nbd2 Be7 16. a4 b4 17. c4 Nf4 18. Be4 0-0-0 19. Bxb7+ Kxb7 20. Re1 Nd3 21. Rf1 g5 22. Ne4 g4 23. Bg5 f6 24. Bxf6 Bxf6 25. Nxf6 gxf3 26. gxf3 Nxc4 27. Ne4 Ncxb2 28. Ra2 a5 29. Rb1 Nc4 30. Rd1 Kb6 31. Rc2 Nde5 32. Rxd8 Rxd8 33. Kf1 b3 34. Rc1 b2 35. Rb1 Nd3 36. Rd1 Nb4 37. Rxd8 b1Q+ 38. Kg2 Qa1 39. Rc8 Qg7+ 40. Kf1 Qd7 41. Rb8+ Ka7 42. Rb5 Nd2+ 43. Nxd2 Qxd2 44. Rxa5+ Kb8 0-1

[Event "Campobasso op 13th"]
[Site "Campobasso"]
[Date "2006.07.23"]
[Round "5"]
[White "Voiska, Margarita"]
[Black "Petruccioli, Antonio"]
[Result "0-1"]
[WhiteElo "2330"]
[BlackElo "2083"]
[PlyCount "83"]
[EventDate "2006.07.21"]
[EventType "swiss"]
[EventRounds "6"]
[EventCountry "ITA"]
[SourceTitle "CBM 113 Extra"]
[Source "ChessBase"]
[SourceDate "2006.09.14"]
[SourceVersion "1"]
[SourceVersionDate "2006.09.14"]
[SourceQuality "1"]

1. c4 b6 2. Nf3 Bb7 3. g3 Bxf3 4. exf3 c5 5. Bg2 Nc6 6. Nc3 g6 7. 0-0 Bg7 8. f4 Nf6 9. a3 0-0 10. d3 Rc8 11. Rb1 e6 12. Qa4 d5 13. f5 Ne5 14. fxe6 fxe6 15. cxd5 exd5 16. Bg5 d4 17. Nd5 Kh8 18. Rbd1 Qd7 19. Qxd7 Nfxd7 20. Be7 Rf7 21. Bh3 Rf3 22. Kg2 Rf7 23. f4 Nc6 24. Bxd7 Nxe7 25. Nxe7 Rc7 26. Nxg6+ hxg6 27. Be6 Rfe7 28. Rde1 b5 29. b3 a5 30. a4 bxa4 31. bxa4 Rb7 32. h4 Rb4 33. h5 Rb2+ 34. Kf3 gxh5 35. Rh1 Bf6 36. Rxh5+ Kg7 37. Rxc5 Rd2 38. Rc8 Kg6 39. Kg4 Rh2 40. f5+ Kg7 41. Rg8+ Kh7 42. Rg6 0-1

[Event "Campobasso op 13th"]
[Site "Campobasso"]
[Date "2006.07.22"]
[Round "3"]
[White "Scagliarini, Bruno"]
[Black "Petruccioli, Antonio"]
[Result "0-1"]
[WhiteElo "1956"]
[BlackElo "2083"]
[PlyCount "76"]
[EventDate "2006.07.21"]
[EventType "swiss"]
[EventRounds "6"]
[EventCountry "ITA"]
[SourceTitle "CBM 113 Extra"]
[Source "ChessBase"]
[SourceDate "2006.09.14"]
[SourceVersion "1"]
[SourceVersionDate "2006.09.14"]
[SourceQuality "1"]

1. c4 e5 2. g3 Nf6 3. Bg2 c6 4. d4 e4 5. Nc3 d5 6. Nh3 dxc4 7. Bg5 Bb4 8. 0-0 Bxc3 9. bxc3 h6 10. Bxf6 Qxf6 11. Nf4 g5 12. Nh3 Qe7 13. e3 Bf5 14. Kh1 Qe6 15. Ng1 Nd7 16. Qd2 Nf6 17. a4 h5 18. f3 g4 19. fxe4 Bxe4 20. Rf4 0-0-0 21. Raf1 Bxg2+ 22. Qxg2 Nd5 23. Re4 Qg6 24. Ne2 Rhe8 25. Rxe8 Rxe8 26. Nf4 Nxf4 27. exf4 Qd3 28. h3 Qxc3 29. d5 cxd5 30. Qxd5 Qd3 31. Qxd3 cxd3 32. Rd1 Re3 33. Kg2 Kd7 34. hxg4 hxg4 35. Kf2 Rf3+ 36. Kg2 Kd6 37. a5 b6 38. axb6 axb6 0-1

[Event "Campobasso op 12th"]
[Site "Campobasso"]
[Date "2005.07.09"]
[Round "4"]
[White "Fioravanti, Diego"]
[Black "Petruccioli, Antonio"]
[Result "1/2-1/2"]
[WhiteElo "2150"]
[BlackElo "2083"]
[PlyCount "111"]
[EventDate "2005.07.08"]
[EventType "swiss"]
[EventRounds "6"]
[EventCountry "ITA"]
[SourceTitle "EXT 2007"]
[Source "ChessBase"]
[SourceDate "2006.11.23"]
[SourceVersion "1"]
[SourceVersionDate "2006.11.23"]
[SourceQuality "1"]

1. d4 d5 2. Nf3 Nf6 3. Bf4 e6 4. e3 Be7 5. Bd3 Nbd7 6. h3 0-0 7. Nbd2 c5 8. c3 Qb6 9. Qc2 h6 10. 0-0 Nh5 11. Bh2 f5 12. Ne5 Bd6 13. Ndf3 Nhf6 14. Ng6 Bxh2+ 15. Kxh2 Re8 16. Nfe5 a5 17. Rg1 c4 18. Be2 Nxe5 19. Nxe5 Qc7 20. b3 b5 21. bxc4 dxc4 22. g3 Bb7 23. Bf3 Bxf3 24. Nxf3 Rec8 25. Rab1 Rab8 26. Ne5 h5 27. f3 b4 28. Rgc1 Nd5 29. cxb4 Rxb4 30. Rxb4 Nxb4 31. Qxc4 Qxc4 32. Rxc4 Rb8 33. g4 hxg4 34. hxg4 Nd5 35. Ra4 Nxe3 36. Rxa5 Rb2+ 37. Kh1 Rb1+ 38. Kh2 Rb2+ 39. Kg1 Rb4 40. Ra8+ Kh7 41. gxf5 Nxf5 42. Nc6 Rc4 43. Ra6 Nxd4 44. Nxd4 Rxd4 45. Rxe6 Ra4 46. Re2 Kg6 47. Kf2 Kf5 48. Rc2 Kf4 49. Ke2 g5 50. Rb2 Ra3 51. Rb5 Rxa2+ 52. Kf1 Kxf3 53. Rb3+ Kg4 54. Kg1 Ra4 55. Rc3 Kh4 56. Rb3 1/2-1/2

[Event "Campobasso op 12th"]
[Site "Campobasso"]
[Date "2005.07.08"]
[Round "2"]
[White "Petruccioli, Antonio"]
[Black "Strippoli, Michele"]
[Result "1-0"]
[WhiteElo "2083"]
[BlackElo "1808"]
[PlyCount "57"]
[EventDate "2005.07.08"]
[EventType "swiss"]
[EventRounds "6"]
[EventCountry "ITA"]
[SourceTitle "EXT 2007"]
[Source "ChessBase"]
[SourceDate "2006.11.23"]
[SourceVersion "1"]
[SourceVersionDate "2006.11.23"]
[SourceQuality "1"]

1. e4 e6 2. d4 d5 3. e5 c5 4. c3 Nc6 5. Nf3 Qb6 6. a3 c4 7. g3 Bd7 8. Bh3 Na5 9. Nbd2 Nb3 10. Nxb3 Ba4 11. 0-0 Bxb3 12. Qe2 Ne7 13. Ng5 h6 14. Nf3 0-0-0 15. Nh4 g5 16. Ng2 Ng6 17. f4 gxf4 18. Nxf4 Rg8 19. Nh5 Bg7 20. Rxf7 Bxe5 21. Be3 Bc7 22. Bxh6 Kb8 23. Bxe6 Rde8 24. Re1 Rh8 25. Nf6 Ba4 26. Bg7 Ne5 27. Bxh8 Qxe6 28. Nxe8 Qxf7 29. Bxe5 1-0

[Event "Campobasso op 09th"]
[Site "Campobasso"]
[Date "2002.07.14"]
[Round "5"]
[White "Kasparov, Sergey"]
[Black "Petruccioli, Antonio"]
[Result "1-0"]
[WhiteElo "2462"]
[BlackElo "2078"]
[PlyCount "69"]
[EventDate "2002.07.12"]
[EventType "swiss"]
[EventRounds "6"]
[EventCountry "ITA"]
[SourceTitle "EXT 2007"]
[Source "ChessBase"]
[SourceDate "2006.11.23"]
[SourceVersion "1"]
[SourceVersionDate "2006.11.23"]
[SourceQuality "1"]

1. e4 c5 2. Nf3 e6 3. d3 d5 4. Nbd2 Nc6 5. c3 Nf6 6. Be2 Be7 7. 0-0 0-0 8. a3 e5 9. b4 a6 10. Bb2 d4 11. Nc4 Qc7 12. bxc5 Bxc5 13. Rc1 b5 14. Ncxe5 dxc3 15. Nxc6 Qxc6 16. Bxc3 Qb6 17. Qb3 Ng4 18. d4 Be7 19. Qb2 Re8 20. Bd3 Qg6 21. h3 Nf6 22. Ne5 Qh6 23. Bd2 g5 24. Rfe1 Qh5 25. Re3 Bd6 26. Be2 Qh6 27. Bb4 Bxe5 28. dxe5 Nh5 29. Bxh5 Qxh5 30. Rg3 Qh4 31. e6 Bxe6 32. Qf6 h6 33. Bc3 Kf8 34. Qg7+ Ke7 35. Bb4+ 1-0